| Tag |
First Indicator |
Second Indicator |
Subfields |
| LEADER |
00000cam a2200000 a 4500 |
| 001 |
in00000030276 |
| 005 |
20151007060249.0 |
| 008 |
820917s1982 nyu b 001 0 eng |
| 010 |
|
|
|a 81086501
|
| 020 |
|
|
|a 0155676083
|
| 035 |
|
|
|a (OCoLC)08635449
|
| 035 |
|
|
|9 AAC0441AM
|
| 040 |
|
|
|a DLC
|c DLC
|d TXA
|d UtOrBLW
|
| 049 |
|
|
|a TXAM
|
| 050 |
0 |
0 |
|a PE1075
|b .P9 1982
|
| 082 |
0 |
0 |
|a 420/.9
|2 19
|
| 100 |
1 |
|
|a Pyles, Thomas,
|d 1905-1980.
|
| 245 |
1 |
4 |
|a The origins and development of the English language /
|c Thomas Pyles, John Algeo.
|
| 250 |
|
|
|a 3rd ed.
|
| 264 |
|
1 |
|a New York :
|b Harcourt Brace Jovanovich,
|c [1982]
|
| 264 |
|
4 |
|c ©1982
|
| 300 |
|
|
|a xi, 383 pages ;
|c 25 cm.
|
| 336 |
|
|
|a text
|b txt
|2 rdacontent
|
| 337 |
|
|
|a unmediated
|b n
|2 rdamedia
|
| 338 |
|
|
|a volume
|b nc
|2 rdacarrier
|
| 504 |
|
|
|a Bibliography: pages 318-341.
|
| 500 |
|
|
|a Includes indexes.
|
| 650 |
|
0 |
|a English language
|x History.
|
| 700 |
1 |
|
|a Algeo, John.
|
| 999 |
|
|
|a MARS
|
| 999 |
f |
f |
|s e1ef829c-325a-3a4c-a224-f1a78a1ce40d
|i 24f05fa8-2607-32dc-b3ae-3aa82015b687
|t 0
|
| 952 |
f |
f |
|p normal
|a Texas A&M University
|b College Station
|c Sterling C. Evans Library
|s Evans stk
|d Evans: Library Stacks
|t 0
|e PE1075 .P9 1982
|h Library of Congress classification
|i unmediated -- volume
|m A14815563638
|
| 998 |
f |
f |
|a PE1075 .P9 1982
|t 0
|l Evans: Library Stacks
|